000 01430cam a2200385 4500
001 149237
008 020722s2006 000 0 eng u
020 _a0582473039
035 _a(Sirsi) u149237
041 _aeng.
100 _aOsbourn, D.
245 _aIntroduction to building
_h[electronic resource]
250 _a4th ed.
260 _aHarlow
_bPearson Education Limited
_c2006
300 _aeBook
490 _aMitchell's Building Series
520 _aAimed at students of construction and building related disciplines., provides an overview of the many and varied aspects of creating buildings. Among the topics covered are: the requirements of a building; appearance; durability; strength and stability; weather exclusion; sound control; building processes ; sanitation and drainage and construction methods.
590 _aka
650 _aBUILT ENVIRONMENT-CONSTRUCTION DESIGN
650 _aBUILT ENVIRONMENT-BUILDING MATERIALS
650 _aBUILDING PROCESS
650 2 4 _aEBOOK
650 _aBlock management
_96220
650 _aFIRE PROTECTION
650 _aSANITATION
650 _aDRAINAGE
650 _aSOUND CONTROL
650 _aLIGHTING
650 _aVENTILATION
651 4 _aENGLAND AND WALES
690 _aBUILT ENVIRONMENT
700 _aGreeno, R.
856 4 8 _uhttps://www.vlebooks.com/
_zView on VLEbooks. Logins for members only from [email protected]
942 _n0
999 _c110435
_d110435